Письмо военного министра князя Александра Ивановича Чернышева к Иллариону Васильевичу Васильчикову и копия ответа И.В. Васильчик...

Доступно только в Электронных читальных залах Найти на картеНа карте
RUSMARC
00003611nmc2a2200000 x 450
0015f99c06b-914e-4df5-b420-5ad217e6467a
00520151217171951.0
100##$a20150603l18451845k l0rusy0189 ca
1010#$arus
102##$aRU
2001#$aПисьмо военного министра князя Александра Ивановича Чернышева к Иллариону Васильевичу Васильчикову и копия ответа И.В. Васильчикова по поводу увольнения от службы племянника последнего подпоручика Николая Николаевича Васильчикова
$j13 января 1845 г.; 16 января 1845 г.
251##$cДело
300##$aДело
801#0$aRU
$bРГИА
$c20150603
$gRCR
801#1$aRU
$bГлавНИВЦ
$c20150603
$2rusmarc
801#2$aRU
$bПБ им. Б.Н. Ельцина
$c20151217
$gRCR
$2rusmarc
850##$aРГИА
852##$aРГИА
$eФедеральное казенное учреждение "Российский государственный исторический архив" (РГИА)
$j72
937##$hРГИА
$d12146251
$aASBIBLIO_SCAN
462#0$1001822e29f6-cf5c-4253-b938-c1de610979e5
$12001
$aАрхив князей Васильчиковых. 1706-1917 гг.
$1251
$cОпись
$1852
$j1
461#0$1001f72a1ecb-9a9a-44e3-87ff-4a647e6521fe
$12001
$aВасильчиковы, князья
$1251
$cФонд
$1852
$j651
215##$a2 л.
$d36,5х26 см
371##$aДокумент не является опубликованным и широко распространяемым
105##$ay###
1221#$ad
035##$a5f99c06b-914e-4df5-b420-5ad217e6467a
Формат отображения